[Event "Edmonton Fall Sectional B"]
[Site "Edmonton CAN"]
[Date "2012.10.27"]
[Round "3"]
[White "Miller, David"]
[Black "Kalisvaart, Peter"]
[Result "0-1"]
[WhiteElo "2180"]
[BlackElo "2016"]
[PlyCount "56"]
[GameId "2160767909411671"]
[EventDate "2012.10.26"]
[EventType "tourn"]
[EventRounds "5"]
[EventCountry "CAN"]
[SourceTitle "EXT 2022"]
[Source "ChessBase"]
[SourceDate "2021.10.06"]
[SourceVersion "1"]
[SourceVersionDate "2021.10.06"]
[SourceQuality "1"]

1. e4 e5 2. Nf3 Nc6 3. Bb5 Nd4 4. Nxd4 exd4 5. O-O c6 6. Bc4 Nf6 7. d3 d5 8. exd5 Nxd5 9. Re1+ Be7 10. Bg5 O-O 11. Bxe7 Nxe7 12. Nd2 Bf5 13. Nf3 Ng6 14. Qd2 Qf6 15. Ng5 Rac8 16. Ne4 Bxe4 17. dxe4 Rfd8 18. a4 h5 19. Qa5 Ne5 20. Be2 a6 21. Bxh5 c5 22. Be2 c4 23. Qd2 d3 24. Bf1 c3 25. bxc3 Nc4 26. e5 Nxd2 27. exf6 dxc2 28. Re3 Nb3 0-1

[Event "Edmonton Fall Sectional B"]
[Site "Edmonton CAN"]
[Date "2012.10.27"]
[Round "3"]
[White "Miller, David"]
[Black "Newton, Geoff"]
[Result "1-0"]
[WhiteElo "2180"]
[BlackElo "2012"]
[PlyCount "51"]
[GameId "2160767909411672"]
[EventDate "2012.10.26"]
[EventType "tourn"]
[EventRounds "5"]
[EventCountry "CAN"]
[SourceTitle "EXT 2022"]
[Source "ChessBase"]
[SourceDate "2021.10.06"]
[SourceVersion "1"]
[SourceVersionDate "2021.10.06"]
[SourceQuality "1"]

1. e4 e6 2. d4 d5 3. Nc3 Bb4 4. e5 c5 5. a3 Ba5 6. b4 cxd4 7. Qg4 Ne7 8. bxa5 dxc3 9. Qxg7 Rg8 10. Qxh7 Qxa5 11. Nf3 d4 12. Bf4 Nbc6 13. Bd3 Bd7 14. O-O O-O-O 15. Rfb1 a6 16. Qe4 Qd5 17. Qe2 Qa5 18. Ng5 Be8 19. Ne4 Nf5 20. Nf6 Rg7 21. Rb3 Na7 22. Bxf5 exf5 23. Nxe8 Rxe8 24. Qd3 Qd5 25. Qxf5+ Kd8 26. Qf6+ 1-0

[Event "Edmonton Fall Sectional B"]
[Site "Edmonton CAN"]
[Date "2012.10.28"]
[Round "4"]
[White "Newton, Geoff"]
[Black "Sequillion, Aaron"]
[Result "0-1"]
[WhiteElo "2012"]
[BlackElo "2038"]
[PlyCount "46"]
[GameId "2160767909411673"]
[EventDate "2012.10.26"]
[EventType "tourn"]
[EventRounds "5"]
[EventCountry "CAN"]
[SourceTitle "EXT 2022"]
[Source "ChessBase"]
[SourceDate "2021.10.06"]
[SourceVersion "1"]
[SourceVersionDate "2021.10.06"]
[SourceQuality "1"]

1. d4 b5 2. e4 a6 3. Nf3 Bb7 4. Bd3 g6 5. Be3 Bg7 6. Nbd2 d6 7. O-O Nd7 8. c3 e5 9. a4 c6 10. Ne1 Ne7 11. f4 O-O 12. Nef3 Bh6 13. Ng5 Nb6 14. a5 Na4 15. b4 Nxc3 16. Qg4 f6 17. Nh3 Bc8 18. Qh4 Kg7 19. g4 exf4 20. Nxf4 Bxf4 21. Bxf4 g5 22. Bxg5 fxg5 23. Qxg5+ Ng6 0-1

[Event "Edmonton Fall Sectional B"]
[Site "Edmonton CAN"]
[Date "2012.10.28"]
[Round "4"]
[White "Zeggelaar, Mike"]
[Black "Pedersen, Rick"]
[Result "1-0"]
[WhiteElo "2031"]
[BlackElo "1992"]
[PlyCount "79"]
[GameId "2160767909411674"]
[EventDate "2012.10.26"]
[EventType "tourn"]
[EventRounds "5"]
[EventCountry "CAN"]
[SourceTitle "EXT 2022"]
[Source "ChessBase"]
[SourceDate "2021.10.06"]
[SourceVersion "1"]
[SourceVersionDate "2021.10.06"]
[SourceQuality "1"]

1. e4 d6 2. d4 g6 3. Nc3 Bg7 4. f4 Nc6 5. Nf3 Nf6 6. e5 dxe5 7. fxe5 Nd5 8. Bc4 Nb6 9. Bb3 Na5 10. O-O Nxb3 11. axb3 Bg4 12. Be3 c6 13. e6 Bxe6 14. Ng5 O-O 15. Nxe6 fxe6 16. Qg4 Qd7 17. Rxf8+ Rxf8 18. Rxa7 Nc8 19. Ra8 Nd6 20. Rxf8+ Bxf8 21. Na4 Nf5 22. Nc5 Nxe3 23. Qe4 Qd5 24. Qxe3 Bh6 25. Qxe6+ Qxe6 26. Nxe6 Be3+ 27. Kf1 b6 28. Ke2 Bc1 29. Kd3 Bxb2 30. Nd8 c5 31. dxc5 bxc5 32. Kc4 Ba3 33. Nb7 Kf7 34. Nxc5 Kf6 35. b4 Kf5 36. b5 Ke5 37. Nd7+ Kd6 38. Nf8 e6 39. Nxh7 Kc7 40. Ng5 1-0

[Event "Edmonton Fall Sectional C"]
[Site "Edmonton CAN"]
[Date "2012.10.26"]
[Round "1"]
[White "McKay, Arnold"]
[Black "Sponga, George"]
[Result "1-0"]
[WhiteElo "1819"]
[BlackElo "1533"]
[PlyCount "87"]
[GameId "2160767909411675"]
[EventDate "2012.10.26"]
[EventType "tourn"]
[EventRounds "5"]
[EventCountry "CAN"]
[SourceTitle "EXT 2022"]
[Source "ChessBase"]
[SourceDate "2021.10.06"]
[SourceVersion "1"]
[SourceVersionDate "2021.10.06"]
[SourceQuality "1"]

1. c4 d6 2. d4 g6 3. g3 Bg7 4. Nf3 Nc6 5. Bg2 Bg4 6. d5 Ne5 7. Nxe5 Bxe5 8. f3 Bd7 9. O-O Bg7 10. e4 b5 11. cxb5 Bxb5 12. Rf2 Rb8 13. Na3 Bd7 14. Rb1 h5 15. h3 Qc8 16. Kh2 h4 17. g4 e6 18. dxe6 Bxe6 19. Qa4+ Kf8 20. b3 Rb7 21. Be3 Bd7 22. Qc4 Ne7 23. Bd4 f6 24. Qc3 Kf7 25. Bf1 Be6 26. Ba6 c5 27. Bxb7 Qxb7 28. Be3 g5 29. Nc4 Qc7 30. f4 d5 31. exd5 Nxd5 32. Qc1 Nb4 33. Bxc5 Nd3 34. Nd6+ Kg8 35. Qe3 Nxc5 36. Rd1 Kh7 37. b4 gxf4 38. Qxf4 Bh6 39. Qd4 Nd7 40. Qe4+ Kg7 41. Qxe6 Bg5 42. Qf7+ Kh6 43. Kg1 Qc2 44. Rxc2 1-0

[Event "Edmonton Fall Sectional C"]
[Site "Edmonton CAN"]
[Date "2012.10.26"]
[Round "1"]
[White "Phillips, Brian"]
[Black "Davies, Robert"]
[Result "0-1"]
[WhiteElo "1640"]
[BlackElo "1603"]
[PlyCount "98"]
[GameId "2160767909411676"]
[EventDate "2012.10.26"]
[EventType "tourn"]
[EventRounds "5"]
[EventCountry "CAN"]
[SourceTitle "EXT 2022"]
[Source "ChessBase"]
[SourceDate "2021.10.06"]
[SourceVersion "1"]
[SourceVersionDate "2021.10.06"]
[SourceQuality "1"]

1. e4 e5 2. Nf3 Nf6 3. Nxe5 d6 4. Nf3 Nxe4 5. Nc3 Nxc3 6. dxc3 Be7 7. Bc4 Be6 8. Bxe6 fxe6 9. Nd4 Qd7 10. Qh5+ g6 11. Qh3 e5 12. Ne6 Rg8 13. Bh6 Nc6 14. O-O Bf6 15. Rfe1 Ke7 16. Nf4 Qxh3 17. Nxh3 g5 18. f4 g4 19. fxe5 Nxe5 20. Nf4 Kd7 21. Kf1 g3 22. hxg3 Ng4 23. Nd5 Be5 24. Bf4 Raf8 25. Kg1 c6 26. Ne3 Bxf4 27. gxf4 Rxf4 28. Nxg4 Rgxg4 29. Re2 Re4 30. Rae1 d5 31. Kf2 Kd6 32. g3 Ke5 33. Kf3 Kf5 34. Rh1 Rxg3+ 35. Kxg3 Rxe2 36. Rxh7 b6 37. Rxa7 Rxc2 38. Rf7+ Ke4 39. Rf4+ Kd3 40. Rd4+ Ke3 41. Rb4 b5 42. a4 bxa4 43. Rxa4 Rxb2 44. Ra6 c5 45. Ra5 d4 46. cxd4 cxd4 47. Ra3+ d3 48. Ra8 Rb4 49. Ra3 Ke2 0-1

[Event "Edmonton Fall Sectional C"]
[Site "Edmonton CAN"]
[Date "2012.10.26"]
[Round "1"]
[White "Yao, David"]
[Black "Stainer, Joel"]
[Result "0-1"]
[WhiteElo "1570"]
[BlackElo "1532"]
[PlyCount "46"]
[GameId "2160767909411678"]
[EventDate "2012.10.26"]
[EventType "tourn"]
[EventRounds "5"]
[EventCountry "CAN"]
[SourceTitle "EXT 2022"]
[Source "ChessBase"]
[SourceDate "2021.10.06"]
[SourceVersion "1"]
[SourceVersionDate "2021.10.06"]
[SourceQuality "1"]

1. e4 c6 2. d4 d5 3. Nc3 dxe4 4. Nxe4 Nd7 5. c4 Ngf6 6. Nc3 e6 7. Bg5 Qa5 8. Bd2 Qb6 9. Bc1 c5 10. Nf3 cxd4 11. Nxd4 Bc5 12. Be3 e5 13. Nf5 Qxb2 14. Na4 Bb4+ 15. Bd2 Bxd2+ 16. Ke2 Qb4 17. Rb1 Qxc4+ 18. Kxd2 Qf4+ 19. Ne3 Ne4+ 20. Ke2 Qxf2+ 21. Kd3 Ndc5+ 22. Nxc5 Nxc5+ 23. Kc4 Qxe3 0-1

[Event "Edmonton Fall Sectional C"]
[Site "Edmonton CAN"]
[Date "2012.10.27"]
[Round "2"]
[White "Sponga, George"]
[Black "Phillips, Brian"]
[Result "0-1"]
[WhiteElo "1533"]
[BlackElo "1640"]
[PlyCount "122"]
[GameId "2160767909411679"]
[EventDate "2012.10.26"]
[EventType "tourn"]
[EventRounds "5"]
[EventCountry "CAN"]
[SourceTitle "EXT 2022"]
[Source "ChessBase"]
[SourceDate "2021.10.06"]
[SourceVersion "1"]
[SourceVersionDate "2021.10.06"]
[SourceQuality "1"]

1. f4 d5 2. e3 c5 3. Be2 e6 4. Nf3 g6 5. O-O Bg7 6. c3 Nc6 7. d3 Nf6 8. h3 O-O 9. Nbd2 Qc7 10. Rf2 e5 11. Nf1 exf4 12. exf4 b6 13. g4 Bb7 14. Ng3 Rad8 15. g5 Ne4 16. Rg2 Nxg3 17. Rxg3 d4 18. c4 Ne7 19. Nh4 f6 20. gxf6 Rxf6 21. Ng2 Nf5 22. Rg4 Bxg2 23. Kxg2 Ne3+ 24. Bxe3 dxe3 25. Qf1 Rd4 26. Qf3 Rfxf4 27. Qxe3 Rxg4+ 28. Bxg4 Rd8 29. Rb1 Bd4 30. Qe6+ Kg7 31. Re1 Qf4 32. Rf1 Qd2+ 33. Kh1 Qg5 34. Rf7+ Kh6 35. Qe2 Qc1+ 36. Rf1 Qg5 37. b3 Qe5 38. Qxe5 Bxe5 39. Be2 Rd7 40. Kg2 Re7 41. Bf3 Bd4 42. Be4 Kg7 43. Kg3 Rf7 44. Rxf7+ Kxf7 45. Kf4 Kf6 46. h4 h6 47. Kg4 Be3 48. h5 gxh5+ 49. Kxh5 Ke5 50. Kg6 Kd4 51. Kf6 Kc3 52. Ke6 Kb2 53. Kd6 Kxa2 54. Kc6 Kxb3 55. Kb5 a5 56. Bf3 Bd4 57. Bd1+ Kc3 58. Be2 Be3 59. Ka4 Kd2 60. Bf1 h5 61. Kb3 h4 0-1

[Event "Edmonton Fall Sectional C"]
[Site "Edmonton CAN"]
[Date "2012.10.27"]
[Round "2"]
[White "Stainer, Joel"]
[Black "Davies, Robert"]
[Result "1-0"]
[WhiteElo "1532"]
[BlackElo "1603"]
[PlyCount "67"]
[GameId "2160767909411680"]
[EventDate "2012.10.26"]
[EventType "tourn"]
[EventRounds "5"]
[EventCountry "CAN"]
[SourceTitle "EXT 2022"]
[Source "ChessBase"]
[SourceDate "2021.10.06"]
[SourceVersion "1"]
[SourceVersionDate "2021.10.06"]
[SourceQuality "1"]

1. e4 e5 2. Nf3 Nf6 3. Nxe5 d6 4. Nxf7 Kxf7 5. d4 c5 6. dxc5 Qa5+ 7. Nc3 Qxc5 8. Be3 Bg4 9. Bxc5 Bxd1 10. Bxd6 Bxc2 11. Bc4+ Kg6 12. Bxf8 Rxf8 13. f3 Ba4 14. Nxa4 Nc6 15. O-O Ne5 16. Bb3 h5 17. Rfd1 Kh6 18. Rac1 Rac8 19. Rxc8 Rxc8 20. Nc3 g5 21. Nd5 Nfd7 22. Ne7 Rf8 23. Rd6+ Kh7 24. Nf5 Nf6 25. Kf2 g4 26. Ke3 h4 27. f4 Ng6 28. e5 Nh5 29. Bc2 Nhxf4 30. Nxh4 Rg8 31. Bxg6+ Nxg6 32. Rxg6 Rxg6 33. Nxg6 Kxg6 34. Kf4 1-0

[Event "Edmonton Fall Sectional C"]
[Site "Edmonton CAN"]
[Date "2012.10.27"]
[Round "2"]
[White "Yao, David"]
[Black "McKay, Arnold"]
[Result "1/2-1/2"]
[WhiteElo "1570"]
[BlackElo "1819"]
[PlyCount "63"]
[GameId "2160767909411681"]
[EventDate "2012.10.26"]
[EventType "tourn"]
[EventRounds "5"]
[EventCountry "CAN"]
[SourceTitle "EXT 2022"]
[Source "ChessBase"]
[SourceDate "2021.10.06"]
[SourceVersion "1"]
[SourceVersionDate "2021.10.06"]
[SourceQuality "1"]

1. d4 Nf6 2. c4 e6 3. a3 a5 4. Nc3 d5 5. c5 Be7 6. h3 O-O 7. Bf4 c6 8. e3 Nbd7 9. Nf3 b6 10. b4 b5 11. Bd3 Bb7 12. O-O Qc8 13. Qc2 h6 14. Qd2 a4 15. e4 dxe4 16. Nxe4 Nxe4 17. Bxe4 Nf6 18. Bc2 h5 19. Qd3 Rd8 20. Ng5 Rd5 21. Nh7 g6 22. Ng5 Qf8 23. Nf3 Rad8 24. Qc3 R5d7 25. Qd2 Qg7 26. Rfe1 Rc8 27. Bb1 Nd5 28. Ba2 Bf6 29. Bxd5 Rxd5 30. Ne5 Rcd8 31. Rad1 Qh8 32. Qc3 1/2-1/2

[Event "Edmonton Fall Sectional C"]
[Site "Edmonton CAN"]
[Date "2012.10.28"]
[Round "4"]
[White "McKay, Arnold"]
[Black "Phillips, Brian"]
[Result "1-0"]
[WhiteElo "1814"]
[BlackElo "1640"]
[PlyCount "73"]
[GameId "2160767909411682"]
[EventDate "2012.10.26"]
[EventType "tourn"]
[EventRounds "5"]
[EventCountry "CAN"]
[SourceTitle "EXT 2022"]
[Source "ChessBase"]
[SourceDate "2021.10.06"]
[SourceVersion "1"]
[SourceVersionDate "2021.10.06"]
[SourceQuality "1"]

1. c4 Nf6 2. Nf3 g6 3. Nc3 Bg7 4. g3 d6 5. d4 O-O 6. Bg2 Nc6 7. e4 e5 8. d5 Ne7 9. O-O Nh5 10. h3 Bd7 11. Bd2 h6 12. Kh2 Kh7 13. Ng1 c6 14. Nce2 cxd5 15. cxd5 Bb5 16. f3 Qb6 17. b3 Rac8 18. Rc1 Qa6 19. Rxc8 Rxc8 20. a4 Bd3 21. Qe1 Rc2 22. Rf2 Rb2 23. Nc1 Rb1 24. Qe3 Bc2 25. Bf1 Qb6 26. Qxb6 axb6 27. Bc4 Nf6 28. Be3 Bd1 29. Bd3 Ra1 30. Rf1 Bxb3 31. Nxb3 Rxa4 32. Ra1 Rb4 33. Ra3 Nd7 34. Bd2 Nc5 35. Bxb4 Nxd3 36. Bxd6 f5 37. Bxe7 1-0

[Event "Edmonton Fall Sectional C"]
[Site "Edmonton CAN"]
[Date "2012.10.28"]
[Round "4"]
[White "Yao, David"]
[Black "Davies, Robert"]
[Result "0-1"]
[WhiteElo "1570"]
[BlackElo "1603"]
[PlyCount "61"]
[GameId "2160767909411683"]
[EventDate "2012.10.26"]
[EventType "tourn"]
[EventRounds "5"]
[EventCountry "CAN"]
[SourceTitle "EXT 2022"]
[Source "ChessBase"]
[SourceDate "2021.10.06"]
[SourceVersion "1"]
[SourceVersionDate "2021.10.06"]
[SourceQuality "1"]

1. d4 d5 2. c4 e6 3. Nc3 Nf6 4. c5 b6 5. b4 a5 6. Bf4 axb4 7. Nb5 Na6 8. Qa4 Bd7 9. e3 c6 10. Nd6+ Bxd6 11. cxd6 b5 12. Qb3 Qa5 13. Nf3 Qa3 14. Ne5 Nb8 15. Qxa3 Rxa3 16. Rb1 Na6 17. Rb2 Ne4 18. Nd3 Nc3 19. Nxb4 Nxb4 20. Rxb4 Nxa2 21. Rb2 Nc3 22. Be2 Ra1+ 23. Kd2 Ne4+ 24. Kc2 Rxh1 25. Ra2 O-O 26. Ra7 Rd8 27. f3 g5 28. fxe4 gxf4 29. exd5 cxd5 30. exf4 Rxh2 31. Bf3 0-1

[Event "Edmonton Fall Sectional D"]
[Site "Edmonton CAN"]
[Date "2012.10.26"]
[Round "1"]
[White "Frier, Ken"]
[Black "Cameron, Kubik"]
[Result "1-0"]
[WhiteElo "1408"]
[BlackElo "1062"]
[PlyCount "77"]
[GameId "2160767909411685"]
[EventDate "2012.10.26"]
[EventType "tourn"]
[EventRounds "5"]
[EventCountry "CAN"]

1. d4 d5 2. Nf3 e6 3. e3 Bd6 4. Bd3 Nf6 5. b3 Nc6 6. Bb2 a5 7. a3 b6 8. O-O O-O 9. Nbd2 Ba6 10. Bxa6 Rxa6 11. Ne5 b5 12. Qe2 Rb6 13. Rfc1 Qe7 14. Nxc6 Rxc6 15. Qxb5 Qd7 16. Nf3 Ra8 17. Ne5 Rb6 18. Qxd7 Nxd7 19. Nxd7 Rb7 20. a4 c6 21. Nc5 Re7 22. Ba3 Raa7 23. Nd3 Bxa3 24. Rxa3 f6 25. Raa1 e5 26. dxe5 fxe5 27. Re1 Rac7 28. Nc5 Rc8 29. c3 Rd8 30. Red1 d4 31. cxd4 Rd5 32. Ne4 exd4 33. Rxd4 Ree5 34. Rxd5 Rxd5 35. Kf1 Rd3 36. Rb1 Rd8 37. Ke2 Rc8 38. b4 Rb8 39. b5 1-0

[Event "Edmonton Fall Sectional D"]
[Site "Edmonton CAN"]
[Date "2012.10.26"]
[Round "1"]
[White "Shrestha, Prayus"]
[Black "Blyznyuk, Vladimir"]
[Result "0-1"]
[WhiteElo "875"]
[BlackElo "1415"]
[PlyCount "116"]
[GameId "2160767909411686"]
[EventDate "2012.10.26"]
[EventType "tourn"]
[EventRounds "5"]
[EventCountry "CAN"]

1. e4 d6 2. d4 g6 3. Nf3 Bg7 4. h3 Nf6 5. Nc3 O-O 6. Bf4 c6 7. Qd2 Qb6 8. b3 c5 9. d5 Nxe4 10. Nxe4 Bxa1 11. c3 Bf5 12. Nf6+ exf6 13. g4 Be4 14. Bg2 Bxc3 15. Qxc3 Qb4 16. Qxb4 cxb4 17. O-O Rd8 18. Rd1 Na6 19. Rd4 Nc5 20. Rxb4 b6 21. Rd4 Rac8 22. b4 Bxf3 23. Bxf3 Nb7 24. Be2 Rc2 25. Ba6 Rd7 26. Bxb7 Rxb7 27. Bxd6 Rxa2 28. Re4 h5 29. gxh5 gxh5 30. Rf4 Rd2 31. Rf5 Rd7 32. Rxf6 Rxd5 33. Bh2 Rg5+ 34. Kf1 Kg7 35. Rc6 Rg6 36. Rc4 Re6 37. h4 b5 38. Rc5 a6 39. Rxh5 Rd4 40. Be5+ Rxe5 41. Rxe5 Rxh4 42. Re7 Rxb4 43. Rb7 Ra4 44. Ke2 Kg6 45. Kd3 f5 46. Kc3 Kg5 47. Rf7 Kf4 48. Kd2 Ra2+ 49. Ke1 a5 50. f3 b4 51. Kd1 Rf2 52. Kc1 a4 53. Kb1 b3 54. Ra7 Rxf3 55. Rxa4+ Kg3 56. Kb2 Re3 57. Ra1 f4 58. Rd1 f3 0-1

[Event "Edmonton Fall Sectional D"]
[Site "Edmonton CAN"]
[Date "2012.10.27"]
[Round "2"]
[White "Kubik, Cameron"]
[Black "Blyznyuk, Vladimir"]
[Result "0-1"]
[WhiteElo "1062"]
[BlackElo "1414"]
[PlyCount "66"]
[GameId "2160767909411689"]
[EventDate "2012.10.26"]
[EventType "tourn"]
[EventRounds "5"]
[EventCountry "CAN"]

1. e4 d6 2. Nc3 g6 3. Nf3 Bg7 4. d4 Nf6 5. Be2 O-O 6. O-O a6 7. a4 c5 8. dxc5 dxc5 9. Qxd8 Rxd8 10. Be3 Nfd7 11. Bc4 e6 12. a5 Nc6 13. Bf4 Nde5 14. Be2 Bd7 15. Na4 Nxf3+ 16. Bxf3 Nd4 17. Bd1 Bxa4 18. Rxa4 e5 19. Be3 Rac8 20. c4 Bf8 21. g4 Ne6 22. h4 Nf4 23. Kh2 Rd7 24. g5 Rcd8 25. Re1 Rxd1 26. Rxd1 Rxd1 27. Ra3 Rd3 28. Ra1 Kg7 29. Re1 h6 30. Rg1 Be7 31. Rg4 h5 32. Rg1 Bd6 33. Rb1 Ne6 0-1

[Event "Edmonton int."]
[Site "Edmonton CAN"]
[Date "2012.06.27"]
[Round "1"]
[White "Mikhalevski, Victor"]
[Black "Short, Nigel"]
[Result "1-0"]
[WhiteElo "2519"]
[BlackElo "2705"]
[PlyCount "73"]
[GameId "2160767909509031"]
[EventDate "2012.06.27"]
[EventType "tourn"]
[EventRounds "9"]
[EventCountry "CAN"]
[EventCategory "6"]
[SourceTitle "CBM 149 Extra"]
[Source "ChessBase"]
[SourceDate "2012.08.24"]
[SourceVersion "1"]
[SourceVersionDate "2012.08.24"]
[SourceQuality "1"]

1. c4 e5 2. g3 d6 3. Nc3 Nc6 4. Bg2 g6 5. e4 Bg7 6. Nge2 f5 7. d3 Nf6 8. O-O O-O 9. Nd5 h6 10. Be3 Kh7 11. Rc1 g5 12. exf5 Bxf5 13. d4 Ng4 14. dxe5 Bxe5 15. b4 Bg6 16. Bd4 Qd7 17. Bxe5 Ncxe5 18. f4 c6 19. fxe5 Rxf1+ 20. Qxf1 cxd5 21. Nc3 Qg7 22. Qe2 Nxe5 23. Nxd5 Re8 24. Qf2 Ng4 25. Qxa7 h5 26. h3 Qb2 27. Rf1 Re2 28. Qxb7+ Kh6 29. Ne7 Rxg2+ 30. Qxg2 Qd4+ 31. Kh1 Ne3 32. Qf2 Qe4+ 33. Kg1 Qxe7 34. Re1 d5 35. Rxe3 Qxb4 36. cxd5 Qc5 37. Re6 1-0

[Event "Edmonton int."]
[Site "Edmonton CAN"]
[Date "2012.06.27"]
[Round "1"]
[White "Pechenkin, Vladimir"]
[Black "Krush, Irina"]
[Result "1/2-1/2"]
[WhiteElo "2312"]
[BlackElo "2457"]
[PlyCount "87"]
[GameId "2160767909509032"]
[EventDate "2012.06.27"]
[EventType "tourn"]
[EventRounds "9"]
[EventCountry "CAN"]
[EventCategory "6"]
[SourceTitle "CBM 149 Extra"]
[Source "ChessBase"]
[SourceDate "2012.08.24"]
[SourceVersion "1"]
[SourceVersionDate "2012.08.24"]
[SourceQuality "1"]

1. c4 e5 2. g3 Nc6 3. Nc3 Nf6 4. Bg2 Bc5 5. Nf3 d6 6. d3 a6 7. O-O h6 8. a3 O-O 9. b4 Ba7 10. Bb2 Be6 11. Rc1 Qd7 12. e3 Bh3 13. d4 Bxg2 14. Kxg2 exd4 15. exd4 Rae8 16. Qd3 Ne7 17. Rfe1 d5 18. c5 c6 19. a4 Bb8 20. b5 axb5 21. axb5 Ng6 22. Rxe8 Rxe8 23. Re1 Rxe1 24. Nxe1 Qg4 25. Kg1 h5 26. b6 h4 27. Ne2 Qh3 28. Qf3 hxg3 29. hxg3 Ne4 30. Qg2 Qe6 31. Qf3 Nf8 32. Bc1 g5 33. Ng2 g4 34. Qd3 Nh7 35. Be3 Nhg5 36. Bxg5 Nxg5 37. Qe3 Nf3+ 38. Kf1 Qf5 39. Ne1 Kg7 40. Ng1 Nxe1 41. Kxe1 Qb1+ 42. Ke2 Qxg1 43. Qg5+ Kh7 44. Qh5+ 1/2-1/2

[Event "Edmonton int."]
[Site "Edmonton CAN"]
[Date "2012.06.27"]
[Round "1"]
[White "Piasetski, Leon"]
[Black "Gardner, Robert"]
[Result "1/2-1/2"]
[WhiteElo "2304"]
[BlackElo "2202"]
[PlyCount "99"]
[GameId "2160767909509033"]
[EventDate "2012.06.27"]
[EventType "tourn"]
[EventRounds "9"]
[EventCountry "CAN"]
[EventCategory "6"]
[SourceTitle "CBM 149 Extra"]
[Source "ChessBase"]
[SourceDate "2012.08.24"]
[SourceVersion "1"]
[SourceVersionDate "2012.08.24"]
[SourceQuality "1"]

1. c4 e6 2. g3 Nf6 3. Bg2 d5 4. Nf3 c6 5. Qc2 dxc4 6. Qxc4 Be7 7. O-O O-O 8. a4 c5 9. d3 Nc6 10. Bf4 Nd5 11. Bd2 b6 12. Na3 Bb7 13. Qb3 Qd7 14. Nc4 Nd4 15. Nxd4 cxd4 16. a5 b5 17. Ne5 Qd6 18. Nf3 Nf6 19. Bf4 Qc5 20. Rfc1 Qh5 21. Rc7 Bd5 22. Qxb5 Rab8 23. Qa6 Rxb2 24. Nxd4 Bxg2 25. Kxg2 Bc5 26. Qc4 Bxd4 27. Qxd4 Rxe2 28. Rc5 Nd5 29. Bd6 Rd8 30. Rac1 h6 31. g4 Qg6 32. Rc8 Rxc8 33. Rxc8+ Kh7 34. Bg3 f5 35. h3 h5 36. Kf1 Ra2 37. Rc5 hxg4 38. hxg4 Qh6 39. Kg1 Re2 40. Kf1 Ra2 41. Kg1 Rd2 42. Rc1 Rxd3 43. Qxd3 Qxc1+ 44. Kg2 Nb4 45. Qd8 Nc6 46. Qc7 fxg4 47. Be5 Qg5 48. Bxg7 Qxg7 49. Qxc6 Qf7 50. Qe4+ 1/2-1/2

[Event "Edmonton int."]
[Site "Edmonton CAN"]
[Date "2012.06.27"]
[Round "1"]
[White "Porper, Edward"]
[Black "Kovalyov, Anton"]
[Result "1/2-1/2"]
[WhiteElo "2414"]
[BlackElo "2619"]
[PlyCount "66"]
[GameId "2160767909509034"]
[EventDate "2012.06.27"]
[EventType "tourn"]
[EventRounds "9"]
[EventCountry "CAN"]
[EventCategory "6"]
[SourceTitle "CBM 149 Extra"]
[Source "ChessBase"]
[SourceDate "2012.08.24"]
[SourceVersion "1"]
[SourceVersionDate "2012.08.24"]
[SourceQuality "1"]

1. d4 Nf6 2. c4 e6 3. Nf3 b6 4. a3 Ba6 5. Qc2 Bb7 6. Nc3 c5 7. dxc5 bxc5 8. Bf4 Bxf3 9. gxf3 Nc6 10. e3 Nh5 11. Bg3 Be7 12. Rd1 O-O 13. Be2 g6 14. Rd2 f5 15. f4 Ng7 16. Bf3 Qc8 17. Qa4 Rb8 18. O-O a6 19. Rfd1 Rd8 20. Bxc6 dxc6 21. Qa5 Rxd2 22. Rxd2 Ne8 23. Qa4 Nd6 24. f3 a5 25. Ne2 Qa6 26. b3 Ra8 27. Nc1 Nb5 28. Rd3 Nd6 29. Rd1 Qb7 30. Nd3 Nf7 31. Be1 Qb6 32. Bc3 Ra7 33. Kf2 Bd6 1/2-1/2

[Event "Edmonton int."]
[Site "Edmonton CAN"]
[Date "2012.06.27"]
[Round "1"]
[White "Wang, Richard"]
[Black "Haessel, Dale"]
[Result "1/2-1/2"]
[WhiteElo "2307"]
[BlackElo "2161"]
[PlyCount "161"]
[GameId "2160767909509035"]
[EventDate "2012.06.27"]
[EventType "tourn"]
[EventRounds "9"]
[EventCountry "CAN"]
[EventCategory "6"]
[SourceTitle "CBM 149 Extra"]
[Source "ChessBase"]
[SourceDate "2012.08.24"]
[SourceVersion "1"]
[SourceVersionDate "2012.08.24"]
[SourceQuality "1"]

1. d4 Nf6 2. Nf3 g6 3. c4 Bg7 4. Nc3 d5 5. cxd5 Nxd5 6. e4 Nxc3 7. bxc3 c5 8. Be3 Qa5 9. Qd2 O-O 10. Rc1 Rd8 11. d5 e6 12. Bg5 f6 13. Bf4 Qa4 14. c4 exd5 15. exd5 Na6 16. Bd3 Nb4 17. Bb1 b5 18. O-O bxc4 19. d6 Be6 20. Qe3 Bf7 21. Qxc5 Rac8 22. Qd4 f5 23. Be5 Nc6 24. Qf4 Nxe5 25. Nxe5 Bd5 26. d7 Rc5 27. Qh4 Qa5 28. Rfe1 Be4 29. Bxe4 fxe4 30. Ng4 Rxd7 31. Rxe4 Qd8 32. Qxd8+ Rxd8 33. Ne3 c3 34. Rc2 Rd2 35. Rxd2 cxd2 36. Kf1 Rc1+ 37. Ke2 Bc3 38. Nd1 Ba5 39. Re5 Bb4 40. Rd5 a5 41. a3 Bxa3 42. Rxa5 Bb4 43. Rb5 Rc4 44. Ne3 Rd4 45. Kd1 Re4 46. Rd5 h5 47. Ke2 Kg7 48. Kd3 Re6 49. Kc4 Bd6 50. g3 h4 51. gxh4 Bxh2 52. Rd7+ Kg8 53. Rxd2 Bg3 54. Ng2 Bc7 55. Kd3 Bd8 56. Ra2 Kg7 57. Ra8 Bf6 58. Ra5 Kh6 59. Rd5 g5 60. hxg5+ Bxg5 61. f4 Bxf4 62. Nxf4 Ra6 63. Ke4 Ra1 64. Kf5 Rf1 65. Rd7 Rf2 66. Kg4 Rf1 67. Rd6+ Kg7 68. Kf5 Kh7 69. Rd8 Kg7 70. Rd7+ Kh6 71. Re7 Rf2 72. Re6+ Kh7 73. Kg5 Rf1 74. Re7+ Kg8 75. Ne6 Rg1+ 76. Kf6 Rf1+ 77. Kg6 Rg1+ 78. Ng5 Kf8 79. Re2 Rg4 80. Kf6 Rf4+ 81. Kg6 1/2-1/2

[Event "Edmonton int."]
[Site "Edmonton CAN"]
[Date "2012.06.28"]
[Round "2"]
[White "Haessel, Dale"]
[Black "Piasetski, Leon"]
[Result "1/2-1/2"]
[WhiteElo "2161"]
[BlackElo "2304"]
[PlyCount "94"]
[GameId "2160767909509036"]
[EventDate "2012.06.27"]
[EventType "tourn"]
[EventRounds "9"]
[EventCountry "CAN"]
[EventCategory "6"]
[SourceTitle "CBM 149 Extra"]
[Source "ChessBase"]
[SourceDate "2012.08.24"]
[SourceVersion "1"]
[SourceVersionDate "2012.08.24"]
[SourceQuality "1"]

1. d4 Nf6 2. c4 d6 3. Nf3 g6 4. g3 Bg7 5. Bg2 O-O 6. Nc3 Nc6 7. O-O Rb8 8. h3 a6 9. Qd3 e5 10. dxe5 dxe5 11. Qxd8 Rxd8 12. Bg5 h6 13. Bxf6 Bxf6 14. Nd5 Bg7 15. Rad1 Be6 16. Nd2 Rbc8 17. Ne4 Bf8 18. b3 Kg7 19. Nec3 Rd7 20. f4 Rcd8 21. fxe5 Bc5+ 22. e3 Rc8 23. Ne4 Ba7 24. Kf2 Nxe5 25. Nf4 Re7 26. Nxe6+ Rxe6 27. g4 Rce8 28. Ke2 R8e7 29. Nc3 c6 30. Rd8 Nd7 31. e4 Bb6 32. Ra8 Bd4 33. Nd1 Nc5 34. Rd8 Bf6 35. Nf2 Bh4 36. Rd4 Bxf2 37. Rxf2 Nd7 38. Ke3 c5 39. Rd5 b6 40. Rfd2 Nf6 41. Rd6 Nxe4 42. Rxe6 Rxe6 43. Bxe4 f5 44. gxf5 gxf5 45. Kf4 fxe4 46. Re2 Kf6 47. Rxe4 Rd6 1/2-1/2